Tecla Merlo (Record n. 37868)
[ formato base ]
| 000 -LEADER | |
|---|---|
| fixed length control field | 00606nam a22001817a 4500 |
| 003 - CONTROL NUMBER IDENTIFIER | |
| control field | IT-RoPau |
| 005 - DATE AND TIME OF LATEST TRANSACTION | |
| control field | 20220918175939.0 |
| 008 - FIXED-LENGTH DATA ELEMENTS--GENERAL INFORMATION | |
| fixed length control field | 130129b xxu||||| |||| 00| 0 eng d |
| 040 ## - CATALOGING SOURCE | |
| Transcribing agency | IT-RoPau |
| 100 ## - MAIN ENTRY--PERSONAL NAME | |
| Personal name | Collesei , Gabriella |
| 9 (RLIN) | 293 |
| 245 ## - TITLE STATEMENT | |
| Title | Tecla Merlo |
| Remainder of title | Mille vite per il Vangelo |
| 250 ## - EDITION STATEMENT | |
| Edition statement | II |
| 260 ## - PUBLICATION, DISTRIBUTION, ETC. (IMPRINT) | |
| Place of publication, distribution, etc. | Milano |
| Name of publisher, distributor, etc. | FSP |
| Date of publication, distribution, etc. | 2003 |
| 300 ## - PHYSICAL DESCRIPTION | |
| Extent | 45 p. |
| Dimensions | 18,5 cm |
| 490 ## - SERIES STATEMENT | |
| Series statement | Paoline |
| Volume/sequential designation | I |
| 520 ## - SUMMARY, ETC. | |
| Summary, etc. | Indice<br/><br/>Castagnito - Teresa<br/>Alba - Don Alberione<br/>Susa - <><br/>Roma - Apostolato e spiritualità<br/>Il mondo - L'umanità<br/>Roma - L'offerta<br/>Albano - La malattia<br/>Il paradiso - La meta |
| 942 ## - ADDED ENTRY ELEMENTS (KOHA) | |
| Source of classification or shelving scheme | Dewey Decimal Classification |
| Koha item type | LIBRO |
| Withdrawn status | Lost status | Source of classification or shelving scheme | Damaged status | Not for loan | Home library | Current library | Date acquired | Total Checkouts | Full call number | Barcode | Date last seen | Price effective from | Koha item type |
|---|---|---|---|---|---|---|---|---|---|---|---|---|---|
| Dewey Decimal Classification | Buone Condizioni | Not For Loan | PAULUS-BIBLIOTECA | PAULUS-BIBLIOTECA | 29/01/2013 | PB 4 | 9788831524759 | 29/01/2013 | 29/01/2013 | LIBRO | |||
| Dewey Decimal Classification | Buone Condizioni | Not For Loan | PAULUS-BIBLIOTECA | PAULUS-BIBLIOTECA | 29/01/2013 | PB 4 | 9788831524760 | 29/01/2013 | 29/01/2013 | LIBRO | |||
| Dewey Decimal Classification | Buone Condizioni | Not For Loan | PAULUS-BIBLIOTECA | PAULUS-BIBLIOTECA | 29/01/2013 | PB 4 | 9788831524761 | 29/01/2013 | 29/01/2013 | LIBRO |